| 000 | 01004nam a22002537a 4500 | ||
|---|---|---|---|
| 005 | 20170124103047.0 | ||
| 010 | _aB-075151 | ||
| 020 |
_c225.00 _a8170559987 |
||
| 035 | _aB-075151 | ||
| 037 | _bCen Lib/Ret | ||
| 040 |
_aDPL _bHN |
||
| 082 |
_aउ _bभारते |
||
| 100 |
_aभारतेन्दु विमल _969145 |
||
| 245 |
_aसोन मछली / _cभारतेन्दु विमल |
||
| 246 |
_aSon machali / _bby BHartendu Vimal |
||
| 260 |
_a नयी दिल्ली _bवाणी प्रकाशन _c2002 |
||
| 270 |
_a21-ए, दरयागंज _b नयी दिल्ली _e110002 |
||
| 300 |
_a214पृ. _c19सेमी (सजिल्द ) |
||
| 650 |
_aहिंदी साहित्य _x _z _969146 |
||
| 650 |
_aहिंदी साहित्य _v _xउपन्यास _969147 |
||
| 650 |
_aHindi literature _969148 |
||
| 650 |
_aHindi literature _xfiction _969149 |
||
| 942 |
_2ddc _cHN _hउ _mभारते |
||
| 999 |
_c116942 _d116942 |
||